000 02703cam a22004337a 4500
999 _c2278
_d2278
001 16786828
003 GZU
005 20201028120346.0
008 110519s2011 enka b 001 0 eng
010 _a 2011286209
015 _aGBB0A8333
_2bnb
016 7 _a015644947
_2Uk
020 _a9781847424464 (hbk.)
020 _a1847424465 (hbk.)
020 _a9781847424457 (pbk.)
020 _a1847424457 (pbk.)
035 _a(OCoLC)ocn663446055
040 _aUKM
_beng
_cUKM
_dGUL
_dYDXCP
_dCDX
_dDEBBG
_dLML
_dSOI
_dBDX
_dUKBOL
_dOCLCF
_dDLC
042 _alccopycat
043 _ad------
050 0 0 _aHV804
_b.J64 2011
082 0 4 _a362.7091722
_222
100 1 _aJones, Nicola Anne.
245 1 0 _aChild poverty, evidence and policy :
_bmainstreaming children in international development /
_cNicola Jones and Andy Sumner.
260 _aBristol, UK ;
_aPortland, OR :
_bPolicy Press,
_c2011.
300 _axii, 251 p. :
_bill. ;
_c24 cm.
504 _aIncludes bibliographical references (p. 203-236) and index.
505 0 _aIntroduction -- Part One. Child poverty, evidence and policy: perspectives and approaches -- Child poverty and well-being -- Knowledge generation and child poverty and well-being -- Policy processes, knowledge and child well-being -- Part Two. Child poverty, evidence and policy: regional perspectives and case studies -- Child poverty, knowledge and policy in Africa -- Child poverty, knowledge and policy in Asia -- Child poverty, knowledge and policy in Latin America and the Caribbean -- Conclusions -- Appendix: OECD's Social Institutions and Gender Index (SIGI).
520 8 _aRecent studies suggest that current approaches to tackling childhood poverty have had limited efficacy. This book brings together a discussion of childhoods, children's experiences of poverty and development discourses, and case studies to highlight the importance of integrating children's voices into the debate.
650 0 _aPoor children
_xGovernment policy
_zDeveloped countries.
650 0 _aPoor children
_xGovernment policy
_zDeveloped countries
_vCase studies.
650 0 _aPoverty
_xGovernment policy
_zDeveloped countries.
650 0 _aPoverty
_xGovernment policy
_zDeveloped countries
_vCase studies.
700 1 _aSumner, Andrew,
_d1973-
856 _uhttp://bvbr.bib-bvb.de:8991/F?func=service&doc_library=BVB01&doc_number=022526462&line_number=0001&func_code=DB_RECORDS&service_type=MEDIA
_zInhaltsverzeichnis
906 _a7
_bcbc
_ccopycat
_d2
_encip
_f20
_gy-gencatlg
942 _2lcc
_cBK
_h804
_iJON
_kHV
_m2011